000
00282nam a22001217a 4500
020
_a
81-88759-42-2
082
_a
823
_b
SPI/U
245
_a
THE UGLY DUCKLING
260
_a
CHENNAI
_b
SPIDER BOOKS
520
_a
ENGLISH SHORT STORY
650
_a
ENGLISH SHORT STORY
_z
CHENNAI
942
_c
BK
999
_c
5703
_d
5703